Catalog

Record Details

Catalog Search



Junie B., first grader : dumb bunny  Cover Image Book Book

Junie B., first grader : dumb bunny / Barbara Park ; illustrated by Denise Brunkus.

Park, Barbara, (author.). Brunkus, Denise, (illustrator.).

Summary:

Meet the World’s Funniest First Grader—Junie B. Jones! It’s an Easter egg-stravaganza! Lucille is having an Easter egg hunt at her rich expensive mansion! And guess what? The winner gets a play date to swim in Lucille’s heated indoor swimming pool! Only, here is the problem. How did Junie B. get stuck wearing a big dumb bunny suit? And how can she possibly find eggs when she keeps tripping over her huge big rabbit feet? Being a dumb bunny is definitely not as easy as it looks. Will Junie B. end up with egg on her face? Or will the day deliver some very uneggspected results?

Record details

  • ISBN: 9780375838095
  • ISBN: 0375838090
  • ISBN: 9780375938092
  • ISBN: 0375938095
  • ISBN: 9780375838101
  • ISBN: 0375838104
  • Physical Description: 119 pages : illustrations ; 20 cm
  • Publisher: New York : Random House, [2007]

Content descriptions

Formatted Contents Note:
Dumb bunnies and clucks -- Clothes and nubs -- Waiting and waiting -- Eggs and sweaty and other stuff -- The jelly bean game -- Me and Santa -- Polite rules -- Swooping -- Lucky bunny! -- Decisions.
Subject: Jones, Junie B. (Fictitious character) > Juvenile fiction.
Easter egg hunts > Juvenile fiction.
Children's parties > Juvenile fiction.
Winning and losing > Fiction.
Parties > Fiction.
Rich girls > Fiction.
Determination in girls > Fiction.
Determination (Personal quality) > Fiction.
First-grade girls > Fiction.
Genre: Juvenile works.
Humorous fiction.

Available copies

  • 2 of 2 copies available at scottsboropl.

Holds

  • 0 current holds with 2 total copies.
Show Only Available Copies
Location Call Number / Copy Notes Barcode Shelving Location Status Due Date
scottsboropl BC Par 32269001159626 Juvenile - Beginning Chapter Available -
scottsboropl BC Par 32269001171746 Storage - Juvenile Available -

LDR 05570cam a2201177 i 4500
001154834
003SBPL
00520201215154736.0
008060825t20072007nyua b 000 1 eng
010 . ‡a 2006023819
035 . ‡a(OCoLC)71189662
020 . ‡a9780375838095 ‡q(hardcover)
020 . ‡a0375838090 ‡q(hardcover)
020 . ‡a9780375938092 ‡q(library binding)
020 . ‡a0375938095 ‡q(library binding)
020 . ‡a9780375838101 ‡q(paperback)
020 . ‡a0375838104 ‡q(paperback)
0243 . ‡a9780375938092 ‡d90000
05000. ‡aPZ7.P2197 ‡bJsh 2007
060 4. ‡aPar
08204. ‡a[Fic] ‡222
1001 . ‡aPark, Barbara, ‡eauthor.
24510. ‡aJunie B., first grader : ‡bdumb bunny / ‡cBarbara Park ; illustrated by Denise Brunkus.
24630. ‡aDumb bunny
264 1. ‡aNew York : ‡bRandom House, ‡c[2007]
300 . ‡a119 pages : ‡billustrations ; ‡c20 cm
336 . ‡atext ‡btxt ‡2rdacontent
337 . ‡aunmediated ‡bn ‡2rdamedia
338 . ‡avolume ‡bnc ‡2rdacarrier
380 . ‡aFiction ‡2marcgt
4901 . ‡aJunie B. Jones ; ‡vBk 27
5050 . ‡aDumb bunnies and clucks -- Clothes and nubs -- Waiting and waiting -- Eggs and sweaty and other stuff -- The jelly bean game -- Me and Santa -- Polite rules -- Swooping -- Lucky bunny! -- Decisions.
520 . ‡aMeet the World’s Funniest First Grader—Junie B. Jones! It’s an Easter egg-stravaganza! Lucille is having an Easter egg hunt at her rich expensive mansion! And guess what? The winner gets a play date to swim in Lucille’s heated indoor swimming pool! Only, here is the problem. How did Junie B. get stuck wearing a big dumb bunny suit? And how can she possibly find eggs when she keeps tripping over her huge big rabbit feet? Being a dumb bunny is definitely not as easy as it looks. Will Junie B. end up with egg on her face? Or will the day deliver some very uneggspected results?
60010. ‡aJones, Junie B. ‡c(Fictitious character) ‡vJuvenile fiction.
650 0. ‡aEaster egg hunts ‡vJuvenile fiction.
650 0. ‡aChildren's parties ‡vJuvenile fiction.
650 1. ‡aWinning and losing ‡vFiction.
650 1. ‡aParties ‡vFiction.
650 1. ‡aRich girls ‡vFiction.
650 1. ‡aDetermination in girls ‡vFiction.
650 1. ‡aDetermination (Personal quality) ‡vFiction.
650 1. ‡aFirst-grade girls ‡vFiction.
655 7. ‡aJuvenile works.
655 7. ‡aHumorous fiction. ‡2lcgft
7001 . ‡aBrunkus, Denise, ‡eillustrator.
8001 . ‡aPark, Barbara. ‡tJunie B. Jones series ; ‡vBk 27.
901 . ‡a154834 ‡b ‡c154834 ‡tbiblio

Additional Resources